Obálka Náhled e-knihy:
PDF Epub
Pro půjčování e-knih musíte být přihlášeni.
Jak si půjčit online?

Ranč Stříbrný poník. Hvězda /

První část příběhů z ranče Stříbrný poník, ve které se seznamujeme se sestrami Míšou a Terkou, babičkou Stříbrnou a také neposlušnou kobylkou Hvězdou. Pro mladší dívky.

Uloženo v:
Série:Ranč Stříbrný poník, část 1
Hlavní autor: Green, D. L. (Autor)
Další autoři: Wallis, Emily (Autor), Vlčková, Jana, 1973- (Ilustrátor)
Médium: E-kniha
Jazyk:Czech
Vydáno: Brno : CPress, 2018
Vydání:1. vydání
Témata:
Příbuzné jednotky:Z cyklu:: Ranč Stříbrný poník
Tagy:
Žádné tagy
LEADER 02743nam a2200541 i 4500
001 310932
003 CZ PrSKC
005 20260601215657.0
007 ta
008 180828s2018 xr a b 000 j cze
015 |a cnb003022470 
020 |a 9788026420651  |q (vázáno) :  |c Kč 169,00 
035 |a (OCoLC)1078643616 
040 |a OLA001  |b cze  |e rda 
041 1 |a cze  |h eng 
072 7 |a 821.111(73)-3  |x Americká próza  |2 Konspekt 
072 7 |a 821-93  |x Literatura pro děti a mládež (beletrie)  |2 Konspekt 
080 |a 821.111(73)-32  |2 MRF 
080 |a 821-93  |2 MRF 
080 |a (0:82-32)  |2 MRF 
100 1 |a Green, D. L.  |q (Debra L.)  |7 mzk2014833937  |4 aut 
240 1 0 |a Sparkling jewel.  |l Česky 
245 1 0 |a Ranč Stříbrný poník.  |p Hvězda /  |c napsala D.L. Greenová ; ilustrovala Emily Wallisová ; překlad: Jana Vlčková 
246 1 |i Název v tiráži:  |a Ranč Stříbrný poník: Hvězda 
246 3 0 |a Hvězda 
250 |a 1. vydání 
264 1 |a Brno :  |b CPress,  |c 2018 
300 |a 93 stran :  |b ilustrace ;  |c 22 cm 
336 |a text  |b txt  |2 rdacontent 
336 |a statický obraz  |b sti  |2 rdacontent 
337 |a bez média  |b n  |2 rdamedia 
338 |a svazek  |b nc  |2 rdacarrier 
500 |a Přeloženo z angličtiny 
520 2 |a První část příběhů z ranče Stříbrný poník, ve které se seznamujeme se sestrami Míšou a Terkou, babičkou Stříbrnou a také neposlušnou kobylkou Hvězdou. Pro mladší dívky.  |b Začínají prázdniny a Míša s Terkou přijíždějí k babičce na ranč, která zde chová několik poníků. Míša se ráda parádí, má ráda pejsky, Terka by zase nejraději stále seděla v sedle. Tentokrát se jí nejvíc líbí kobylka Hvězda, která je ale velice divoká a babička nechce Terce ježdění na Hvězdě dovolit. 
521 8 |a Pro děti od 6 let 
655 7 |a americké příběhy  |7 fd131795  |2 czenas 
655 7 |a publikace pro děti  |7 fd133156  |2 czenas 
655 9 |a American stories  |2 eczenas 
655 9 |a children's literature  |2 eczenas 
700 1 |a Wallis, Emily  |7 mzk2016915783  |4 ill 
700 1 |a Vlčková, Jana,  |d 1973-  |7 mzk2003184700  |4 trl 
787 0 8 |i Z cyklu:  |t Ranč Stříbrný poník  |g 1 
900 |a ABA001  |b 20 
928 9 |a Albatros Media - CPress 
044 |a xr 
910 |a RBIT002 
998 |d 179186  |a https://core.palmknihy.cz/api/books/179186/cover?pe9kus  |b https://core.palmknihy.cz/api/books/179186/cover/400?pe9kus  |c https://core.palmknihy.cz/api/books/179186/cover/50?pe9kus  |e 2050-12-31  |g 96  |i 9788026420651  |j https://core.palmknihy.cz/api/books/179186/preview.epub  |k https://core.palmknihy.cz/api/books/179186/preview.pdf  |l   |q 49  |r 1  |s https://www.palmknihy.cz/kniha/179186  |t ebook  |y 2018  |z 0  |v Ranč Stříbrný poník  |w 1 
999 |d 310930